Szczegóły MARC21

Handel międzynarodowy drogą morską /

003 -Nazwa inst., której nr kontr. jest w polu 001 [,]
    • @
    • Nazwa instytucji, której n kontrolny jest w polu 001
    • NUKAT
005 -DATA I CZAS OSTATNIEJ MODYFIKACJI [,]
    • @
    • pole kontrolne
    • 20241231094445.0
020 -Międzynarod. znormalizowany nr książki - ISBN [ , ]
    • a
    • Numer ISBN
    • 8321516343 Find
040 -Instytucja sporządzająca opis [ , ]
    • a
    • Instytucja, która sporządziła opis (NP)
    • KR U/32BN
    • c
    • Instytucja, która sporządziła rekord (NP)
    • KR U/32BN
    • d
    • Instytucja, która zmodyfikowała rekord (P)
    • KR U/32BN
041 -Język dokumentu [0, ]
    • a
    • Język tekstu (P)
    • polski
    • b
    • Język streszczeń lub abstraktu (P)
    • angielski
942 -Rodzaj dokumentu [ , ]
    • c
    • Rodzaj dokumentu
    • Książka
100 -Hasło główne - nazwa osobowa [1, ]
    • a
    • Nazwa osobowa (NP)
    • Wojewódka, Czesław
    • d
    • Daty biograficzne (NP)
    • (1927- ).
    • 9
    • KHW
    • 15095
245 -Strefa tytułu i oznaczenia odpowiedzialności [1,0]
    • a
    • Tytuł
    • Handel międzynarodowy drogą morską / Find
    • c
    • Pozostałe elementy strefy tytułu i oznaczenia odpowiedzialności (NP)
    • Czesław Wojewódka.
250 -Strefa wydania [ , ]
    • a
    • Oznaczenie wydania (NP)
    • Wyd. 2 zm. i uzup.
260 -Strefa adresu wydawniczego [ , ]
    • a
    • Miejsce wydania (P)
    • Gdańsk :
    • b
    • Nazwa wydawcy (P)
    • Wydawnictwo Morskie,
    • c
    • Data wydania (P)
    • 1980.
300 -Strefa opisu fizycznego [ , ]
    • a
    • Określenie formy książki i/lub objętość (NP)
    • 242, [6] s. :
    • b
    • Oznaczenie ilustracji (NP)
    • il. ;
    • c
    • Format (NP)
    • 24 cm.
336 -Typ zawartości [ , ]
    • a
    • Termin opisujący typ zawartości
    • Tekst
    • b
    • Kod określający zawartość
    • txt
    • 2
    • Źródło (terminu i kodu)
    • rdacontent
337 -Typ mediów [ , ]
    • a
    • Tryb odtwarzania
    • Bez urządzenia pośredniczącego
    • b
    • Kod typu mediów
    • n
    • 2
    • Źródło (terminu i kodu)
    • rdamedia
338 -Typ/rodzaj nośnika [ , ]
    • a
    • Hasło opisujące typ nośnika
    • Wolumin
    • b
    • Kod typu nośnika
    • nc
    • 2
    • Źródło (terminu i kodu)
    • rdacarrier
490 -Strefa serii i książki wielotomowej - forma nie do wyszukiwania [1, ]
    • a
    • Tytuł (P)
    • Biblioteka Transportu Morskiego ; Find
    • v
    • Numeracja (P)
    • 17
830 -Hasło dodatkowe serii i opisu książki wielotomowej - tytuł ujednolicony/tytuł [ ,0]
    • a
    • Tytuł ujednolicony/tytuł (NP)
    • Biblioteka Transportu Morskiego
    • v
    • Oznaczenie tomu (NP)
    • 17
    • 9
    • KHW
    • 10672
504 -Uwaga dot. bibliogr. załącznikowej [ , ]
    • a
    • Uwaga dot. bibliografii załącznikowej
    • Bibliogr. s. 226-235.
546 -Uwaga dot. języka [ , ]
    • a
    • Uwaga dot. języka
    • Streszcz. ang.
080 -Uniwersalna Klasyfikacja Dziesiętna [ , ]
    • 2
    • Identyfikator wydania tablic
    • UDC-P058
    • 9
    • UKD
    • 3313
    • a
    • Symbol klasyfikacji
    • 339.5
    • b
    • Dopowiedzenie
    • Handel zagraniczny. Handel międzynarodowy. Polityka handlu zagranicznego. Cła.
    • 4
    • UKD2
    • 8143
    • x
    • Poddział wspólny
    • (100)
    • c
    • Dopowiedzenie poddz. wspólnego
    • (Aspekt międzynarodowy. Wszystkie kraje. Świat).
080 -Uniwersalna Klasyfikacja Dziesiętna [ , ]
    • 2
    • Identyfikator wydania tablic
    • UDC-P058
    • 9
    • UKD
    • 5567
    • a
    • Symbol klasyfikacji
    • 656.61
    • b
    • Dopowiedzenie
    • Żegluga morska. Flota handlowa.
    • 4
    • UKD2
    • 8143
    • x
    • Poddział wspólny
    • (100)
    • c
    • Dopowiedzenie poddz. wspólnego
    • (Aspekt międzynarodowy. Wszystkie kraje. Świat).
650 -Hasło przedmiotowe [ ,7]
    • a
    • Hasło przedmiotowe
    • Handel międzynarodowy.
    • 2
    • Źródło terminu
    • kaba
    • 9
    • KHW
    • 110974
650 -Hasło przedmiotowe [ ,7]
    • a
    • Hasło przedmiotowe
    • Transport morski.
    • 2
    • Źródło terminu
    • kaba
    • 9
    • KHW
    • 133781
980 -Symbol UKD [ , ]
    • a
    • UKD
    • 339.5:656.61](100)
710 -Hasło dodatkowe - nazwa ciała zbiorowego [2, ]
    • a
    • Nazwa ciała zbiorowego lub nazwa geograficzna jako pierwszy element (NP)
    • Wydawnictwo Morskie.
    • 4
    • Kod relacji
    • pbl
    • 9
    • KHW
    • 56563
920 -ISBN [ , ]
    • a
    • ISBN
    • 83-215-1634-3 Find
Uwagi nie widoczne w OPAC Status udost. Numer inwentarzowy Lokalizacja
retrokonwersja2S.59859BE
retrokonwersja-3S.72149BE
retrokonwersja-3S.59726BE
retrokonwersja-3S.59841BE
 1E.50845BE